1477 1009 1417 1581 1423 1259 1024 1264 1498 1142 1229 1807 1522 1962 1213 1805 1572 1330 1145 1729 1303 1659 1110 1440 1706 1500 1793 1142 1549 1528 1709 1452 1146 1269 1694 1860 1986 1324 1441 1704 1346 1081 1511 1453 1329 1822 1313 1319 1055 1752 1587 1746 1129 1668 1834 1718 1576 1319 1023 1147 1753 1391 1242 1525 1298 1047 1889 1457 1864 1589 1498 1878 1106 1160 1969 1483 1276 1786 1584 1817 1588 1767 1657 1494 1350 1217 1390 1921 1291 1626 1389 1980 1982 1183 1076 1448 1864 1141 1439 BCNSPRNW ULIB Ver.6.0+V

เปลี่ยนเป็นภาษาไทย

Change to English
 แสดงรายละเอียดบรรณานุกรม
  กลับหน้าหลัก

Brief Record : Get Marc (ISO 2709) : E-mail record : QR code < ปิดหน้าต่าง
LEADER : 00000nam 2200000uu 4500
001    13399128913
003     ULIB
008    241028s2022||||th 000 0 tha d
020    ^a9780323809405
060 04 ^aWS103^bL527G
100 1  ^aLeifer, Gloria
245 10 ^aGrowth and development across the lifespan :^ba healthpromotion focus /^cGloria Leifer, Eve Fleck
250    ^a3rd ed.
260    ^aSt. Louis, Mo. :^bElsevier,^c2022
300    ^axvi, 346 p. :^bill. ;^c23cm.
504    ^aIncludes bibliographical references (pages 276-298) andindex.
650  2 ^aHealth Promotion
650  2 ^aHealth Education
650  2 ^aMedicine, Preventive
650  2 ^aNursing
700 1  ^aFleck, Eve
945    ^p1717^l0^i011160
999    ^aประนอม เกษจรัล
รายการนี้ยังไม่มีแท็ก
คุณยังไม่ได้ล็อกอิน คุณสามารถมีกิจกรรมร่วมกับเว็บไซต์ได้ แต่ต้องล็อกอินก่อน ::
  ล็อกอิน

รายการสื่อสารสนเทศ

ลำดับที่ ประเภท เลขเรียก/บาร์โค้ด สถานที่ สถานะ
1. วิทยาศาสตร์การแพทย์ และสุขภาพ
หนังสือสำรอง
สถานะ=หนังสือสำรอง
WS103 L527G ฉ.1 
  Barcode: 011160
ห้องสมุดวิทยาเขตสวรรค์ประชารักษ์
►หนังสือทั่วไป
บนชั้น

รายการใกล้เคียง
    ผู้แต่ง [Leifer, Gloria]

    หัวเรื่อง [Health Promotion]
    หัวเรื่อง [Health Education]
    หัวเรื่อง [Medicine, Preventive]
    หัวเรื่อง [Nursing]

BibComment


ยังไม่เคยถูกคอมเมนท์

คอมเมนท์ทรัพยากรรายการนี้
  คอมเมนท์: Growth and devel..


 Copyright 2026. Bcnsprnw @Library